000 00336nam a2200133Ia 4500
008 240624s9999 xx 000 0 und d
041 _aeng
082 _a300 KRU
100 _aKRUGMAN PAUL
245 _aCOUNTRY IS NOT A COMPANY
260 _c2009
_aNew Delhi
_bHarvard Business Press
300 _a53 : p. : cm. ; 16
365 _cRS
_b25
999 _c23331
_d23331